000 00942nam a2200289Ia 4500
001 H9059
003 IT-RoPAU
008 130308s9999 xx 000 0 und d
040 _aIT-RoPAU
040 _cIT-RoPAU
041 _aITALIANO
100 _aDondero Maria Giulia
100 _gCodice Aut. SPICS: 59145
245 _aMalattia e introspezione
245 _bDiscorso della salute (Il). Verso una sociosemiotica Medica
250 _a1a ed.
260 _aROMA
260 _bMeltemi
260 _c2005 [1° Ed.:2005 - Ed.Ling.Originale:2005]
300 _a"7 p. (prefazione: no ; testo: 7 [pagine: 477-483])"
500 _aMalattia Come Destino. Inferno è dunque Luogo in Cui si Comprende, in Cuisi comprende Troppo. De Sacralizzazione del Corpo Come Natura Morta: Auto Opsis. Sulla salute e Sacro.
650 _aSAGGI DI SEMIOLOGIA
650 _eCodice materia Spics: 3257
942 _cBK
957 _71
999 _c78440
_d78440
999 _g1